000 00582nam a22001817a 4500
005 20251108164335.0
008 250721s1998 xx 000 0 ara d
082 1 4 _a920.72/زين
100 1 _aالزين، نبيل عبد القادر
245 1 0 _aنساء حول النبي صلى الله عليه و سلم /
264 1 _aعمان :
_bدار أسامه للنشر والتوزيع،
_c1998.
300 _a112ص.
650 1 7 _aالسيرة النبوية
650 1 7 _aزوجات النبي
650 1 7 _aالمرأة المسلمة
942 _2ddc
_cBK
999 _c9774
_d9774